[Event "Druzynowe Mistrzostwa Polski Juniorow 2018 - II Liga"]
[Site "Szczyrk"]
[Date "1899-12-30"]
[Round "3.54"]
[White "Krzanowska, Liliana"]
[Black "Hals, Emilia"]
[Result "0-1"]
[WhiteTitle "I"]
[BlackTitle "I"]
[WhiteElo "1000"]
[BlackElo "1243"]

1. Nf3 d5 2. d4 Nf6 3. e3 Bf5 4. c4 c6 5. Nc3 e6 6. Bd3 Bxd3 7. Qxd3 Bd6 8. cxd5
exd5 9. e4 dxe4 10. Nxe4 Nxe4 11. Qxe4+ Qe7 12. Qxe7+ Bxe7 13. O-O O-O 14. Re1
Bd6 15. Ne5 Re8 16. Bf4 f6 17. Nd3 Rxe1+ 18. Rxe1 Bxf4 19. Nxf4 Kf7 20. d5 cxd5
21. Nxd5 Nc6 22. g3 Rd8 23. Nc3 Rd2 24. Re2 Rxe2 25. Nxe2 g6 26. f4 Ke6 27. Kf2
Nb4 28. Nd4+ Kd5 29. Nb5 a6 30. Nc3+ Kd4 31. Ke2 Nd3 32. Kd2 Nxb2 33. Ne2+ Kc4
34. Kc2 Nd3 35. Kb1 Ne1 36. Kc1 Nf3 37. h3 Kd3 38. Kd1 b6 39. Nc1+ Ke3 40. h4
Kf2 41. Ne2 Ng1 42. Nxg1 Kxg1 43. Ke2 Kg2 44. g4 Kg3 45. g5 fxg5 46. fxg5 Kxh4
47. Kd3 Kxg5 48. Kd4 h5 49. Ke3 Kg4 50. Kf2 h4 51. Kg2 Kf4 52. Kh3 g5 53. a3 b5
54. Kg2 g4 55. Kh2 Kf3 56. Kh1 g3 57. Kg1 g2 58. a4 bxa4 59. Kh2 Kf2 60. Kh3 Qg1
61. Kxh4 Qg6 62. Kh3 Qg3# 0-1

[Event "Druzynowe Mistrzostwa Polski Juniorow 2018 - II Liga"]
[Site "Szczyrk"]
[Date "1899-12-30"]
[Round "3.55"]
[White "Niemier, Hubert"]
[Black "Poziomkowski, Szymon"]
[Result "1-0"]
[WhiteTitle "I"]
[BlackTitle "I"]
[WhiteElo "1748"]
[BlackElo "1767"]

1. d4 Nf6 2. c4 e6 3. Nc3 Bb4 4. f3 c5 5. d5 Bxc3+ 6. bxc3 d6 7. e4 exd5 8. exd5
O-O 9. Bd3 Qe7+ 10. Ne2 Nbd7 11. O-O Ne5 12. Ng3 Nxd3 13. Qxd3 b6 14. Bd2 Ba6
15. Bf4 Rad8 16. a4 Rfe8 17. a5 Qb7 18. axb6 axb6 19. Rfb1 Rd7 20. Bg5 Re5 21.
Bxf6 gxf6 22. f4 Re8 23. Nh5 Rdd8 24. Qg3+ Kf8 25. Re1 1-0

[Event "Druzynowe Mistrzostwa Polski Juniorow 2018 - II Liga"]
[Site "Szczyrk"]
[Date "1899-12-30"]
[Round "3.56"]
[White "Fiszer, Bartosz"]
[Black "Tadych, Szymon"]
[Result "1-0"]
[WhiteTitle "CM"]
[BlackTitle "II"]
[WhiteElo "2011"]
[BlackElo "1495"]

1. e4 c5 2. Nf3 Nc6 3. d4 cxd4 4. Nxd4 e5 5. Nb5 a6 6. Nd6+ Bxd6 7. Qxd6 Qe7 8.
Qd1 Nf6 9. Nc3 d6 10. Bg5 Be6 11. Be2 h6 12. Be3 Nh7 13. Qd2 O-O 14. O-O-O Rad8
15. g4 b5 16. h4 Nd4 17. Bxd4 exd4 18. Qxd4 Qf6 19. Qxf6 gxf6 20. Rd4 Rd7 21.
f4 Rc8 22. Rhd1 Bc4 23. Rxd6 Rxd6 24. Rxd6 Bxe2 25. Nxe2 a5 26. Kd2 1-0

[Event "Druzynowe Mistrzostwa Polski Juniorow 2018 - II Liga"]
[Site "Szczyrk"]
[Date "1899-12-30"]
[Round "3.57"]
[White "Skrzypinski, Jan"]
[Black "Cwiek, Ryszard"]
[Result "0-1"]
[WhiteTitle "II"]
[BlackTitle "I"]
[WhiteElo "1406"]
[BlackElo "1741"]

1. e4 g6 2. d4 Bg7 3. c4 d6 4. Nc3 c6 5. f4 Qb6 6. Nf3 Bg4 7. Na4 Bxf3 8. Nxb6
Bxd1 9. Nxa8 Bc2 10. d5 Kd7 11. Kf2 Bxe4 12. Be3 c5 13. Re1 Nf6 14. b3 Na6 15.
Be2 Nb4 16. h3 Rxa8 17. Rhg1 Ne8 18. g4 f5 19. gxf5 Bxf5 20. Rd1 Nc2 21. Rh1 Nf6
22. Bd3 Ne4+ 23. Kf3 Nxe3 24. Kxe3 Bd4+ 25. Kf3 Nf2 26. Bxf5+ gxf5 27. Rxd4 Nxh1
28. Rd1 a6 29. Rxh1 b5 30. Rb1 Rb8 31. cxb5 axb5 32. Rb2 Rg8 33. Kf2 b4 34. Re2
Rg6 35. a3 bxa3 36. Ra2 Rg8 37. Rxa3 Rb8 38. Ra7+ Ke8 39. Ra3 Kf7 40. Ke2 Rb4
41. Ke3 Re4+ 42. Kf3 Rd4 43. Ke3 Rxd5 44. Ra1 Rd4 45. Ra8 Rb4 46. Ra3 Kf6 47.
Kd3 Rxf4 48. Ra8 Rf3+ 49. Kc2 Rxh3 50. Rf8+ Ke5 51. Re8 e6 52. Rb8 f4 53. b4 cxb4
54. Rxb4 h5 55. Rb5+ d5 56. Rb8 Ke4 57. Re8 e5 0-1

[Event "Druzynowe Mistrzostwa Polski Juniorow 2018 - II Liga"]
[Site "Szczyrk"]
[Date "1899-12-30"]
[Round "3.58"]
[White "Cwiek, Stefan"]
[Black "Tadych, Olgierd"]
[Result "1/2-1/2"]
[WhiteTitle "II"]
[BlackTitle "II"]
[WhiteElo "1238"]
[BlackElo "1235"]

1. e4 e5 2. Nf3 Nc6 3. Bb5 d6 4. d4 exd4 5. Nxd4 Bd7 6. Bxc6 Bxc6 7. Nxc6 bxc6
8. O-O Nf6 9. Re1 Be7 10. Nc3 O-O 11. Bf4 Re8 12. Qf3 c5 13. Rad1 Qc8 14. h3 Qb7
15. b3 Rad8 16. Qd3 h6 17. Qc4 a6 18. Qd3 Nh5 19. Bh2 Nf6 20. Na4 Bf8 21. f3 g6
22. c4 Bg7 23. Nc3 Nh7 24. Kh1 Bd4 25. Nd5 Nf6 26. Bg1 Nxd5 27. Bxd4 Nb4 28. Qd2
cxd4 29. Qxh6 d3 30. Rd2 Qc8 31. a3 Nc6 32. Rxd3 Qe6 33. Rd5 Ne5 34. f4 c6 35.
Rd4 Nd7 36. Re3 Nf6 37. f5 gxf5 38. Rg3+ Ng4 39. Qxe6 Rxe6 40. hxg4 fxe4 41. Re3
d5 42. Kh2 Kg7 43. Kg3 Kg6 44. Kf4 Rf6+ 45. Kg3 Re6 46. cxd5 cxd5 47. b4 Re5 48.
Kf4 f6 49. a4 Rb8 50. Rc3 Rbe8 51. Ke3 Kg5 52. Rc5 Kxg4 53. Rdxd5 Rxd5 54. Rxd5
f5 55. g3 Rf8 56. b5 axb5 57. axb5 Kxg3 58. b6 Rb8 1/2-1/2

[Event "Druzynowe Mistrzostwa Polski Juniorow 2018 - II Liga"]
[Site "Szczyrk"]
[Date "1899-12-30"]
[Round "3.59"]
[White "Niemier, Martyna"]
[Black "Szelejewska, Maria"]
[Result "1/2-1/2"]
[WhiteTitle "II"]
[BlackTitle "I"]
[WhiteElo "1144"]
[BlackElo "1184"]

1. d4 d5 2. c4 e6 3. Nf3 c5 4. Nc3 Nc6 5. Bf4 a6 6. e3 Nf6 7. Be2 Be7 8. O-O O-O
9. dxc5 Bxc5 10. cxd5 exd5 11. Ne5 Re8 12. Nxc6 bxc6 13. Bf3 Bf5 14. Rc1 Rc8 15.
Na4 Ba7 16. Nc5 Bxc5 17. Rxc5 Qb6 18. Qd4 Ne4 19. Rxd5 c5 20. Qd1 Bg6 21. Bg4
Rcd8 22. Bd7 Rf8 23. Qb3 Qxb3 24. axb3 Nf6 25. Rfd1 Nxd5 26. Rxd5 Bc2 27. Bc7
Ra8 28. Rxc5 Bxb3 29. g3 Ra7 30. Bh3 Rb7 31. Bf4 Be6 32. Bxe6 fxe6 33. Rc6 a5
34. Ra6 Rb5 35. h4 Rc8 36. Rxe6 Rxb2 37. Ra6 Ra2 38. Kg2 a4 39. e4 a3 40. e5 Rcc2
41. Be3 Ra1 42. e6 Rc8 43. Ra7 g6 44. Bd4 Rd1 45. Rg7+ Kf8 46. e7+ Ke8 47. Rg8+
Kxe7 48. Rxc8 Rxd4 49. Ra8 Rd3 50. Ra5 Kf6 51. g4 Rc3 52. g5+ Kf7 53. f4 1/2-1/2

[Event "Druzynowe Mistrzostwa Polski Juniorow 2018 - II Liga"]
[Site "Szczyrk"]
[Date "1899-12-30"]
[Round "3.60"]
[White "Pawlowska, Emilia"]
[Black "Gac-mytych, Sara"]
[Result "0-1"]
[WhiteTitle "II"]
[BlackTitle "III"]
[WhiteElo "1225"]
[BlackElo "1000"]

1. Nf3 Nc6 2. d4 d5 3. c4 e6 4. Bf4 Bb4+ 5. Nc3 Nf6 6. a3 Bxc3+ 7. bxc3 O-O 8.
e3 b6 9. Be2 Ne4 10. Qc2 Re8 11. O-O Bb7 12. cxd5 exd5 13. Bb5 a6 14. Bxc6 Bxc6
15. Rfc1 Ra7 16. Ne5 Bb7 17. c4 f6 18. Nf3 Ba8 19. h3 Re7 20. Qd3 c5 21. Rd1 b5
22. dxc5 Nxc5 23. Qe2 Rad7 24. cxb5 a5 25. Rac1 Nb3 26. Rc3 a4 27. Nd4 Nxd4 28.
Rxd4 Ra7 29. Qc2 Re8 30. Rxa4 Rxa4 31. Qxa4 Re4 32. Qb3 Kh8 33. Qc2 Re8 34. Rc7
d4 35. exd4 Be4 36. Qe2 Bxg2 37. Qg4 Re1+ 38. Kxg2 Qd5+ 39. f3 Qa2+ 40. Kg3 Rg1+
41. Kh4 Rxg4+ 42. fxg4 h6 43. Kh5 Qd5+ 44. Kg6 Qe4+ 45. Kf7 Qxf4 46. Rd7 0-1

[Event "Druzynowe Mistrzostwa Polski Juniorow 2018 - II Liga"]
[Site "Szczyrk"]
[Date "1899-12-30"]
[Round "3.61"]
[White "Kawaler, Adam"]
[Black "Majek, Kacper"]
[Result "0-1"]
[WhiteTitle "I"]
[BlackTitle "I++"]
[WhiteElo "1811"]
[BlackElo "2088"]

1. e4 e5 2. Nf3 Nc6 3. Bb5 a6 4. Ba4 Nf6 5. O-O Be7 6. Re1 b5 7. Bb3 d6 8. c3 O-O
9. h3 Na5 10. Bc2 c5 11. d3 Re8 12. Nbd2 Bf8 13. Nf1 h6 14. Ng3 Qc7 15. Nh4 d5
16. Nh5 Qe7 17. Re3 dxe4 18. dxe4 g6 19. Rg3 Kh7 20. Nxf6+ Qxf6 21. Nf3 Be6 22.
b3 Nc6 23. a3 b4 24. axb4 cxb4 25. c4 Red8 26. Qe2 Bc5 27. Be3 Qe7 28. Bxc5 Qxc5
29. Qe3 Qxe3 30. fxe3 a5 31. Ra4 Rab8 32. Ne1 Rd2 33. Rf3 Rbd8 34. Rf2 Rxf2 35.
Kxf2 Rd2+ 36. Kf1 Kg7 37. Ra2 f5 38. Nf3 Rd8 39. exf5 gxf5 40. Ke2 Kf6 41. g3
e4 42. Ne1 h5 43. Ng2 Bf7 44. h4 Ra8 45. Nf4 Ne5 46. Ra4 Ke7 47. Bd1 Kd6 48. Ke1
Ke7 49. Bxh5 Bxh5 50. Nxh5 Nd3+ 51. Kd2 Nc5 52. Kc2 Nxa4 53. bxa4 Rg8 54. Kb3
Kd6 55. Kb2 Kc5 56. Kb3 Rg6 57. Nf4 Rxg3 58. Nd5 f4 59. Nxf4 Rxe3+ 60. Kc2 Kxc4
61. h5 b3+ 62. Kb2 Rf3 0-1

[Event "Druzynowe Mistrzostwa Polski Juniorow 2018 - II Liga"]
[Site "Szczyrk"]
[Date "1899-12-30"]
[Round "3.62"]
[White "Derylo, Kamil"]
[Black "Mazurek, Bartosz"]
[Result "1/2-1/2"]
[WhiteTitle "I"]
[BlackTitle "I"]
[WhiteElo "1755"]
[BlackElo "1733"]

1. d4 d5 2. c4 e6 3. Nc3 Nf6 4. cxd5 exd5 5. Bg5 Be7 6. Nf3 O-O 7. e3 c6 8. Bd3
h6 9. Bh4 Nbd7 10. Qc2 b6 11. O-O Bb7 12. Rad1 Re8 13. Bf5 Nf8 14. Ne5 N6d7 15.
Bxe7 Qxe7 16. f4 Nxe5 17. fxe5 Ne6 18. Qf2 Rf8 19. e4 Rad8 20. exd5 cxd5 21. Qe3
Qg5 22. Rf3 Qxe3+ 23. Rxe3 Ba6 24. Bg4 Rd7 25. Bf3 Nc7 26. Kf2 Rfd8 27. Ne2 Ne6
28. Rc3 Rc8 29. Rxc8+ Bxc8 30. Rc1 Rc7 31. Rxc7 Nxc7 32. Ke3 Kf8 33. Nf4 Be6 34.
Nh5 Bd7 35. Nf4 Be6 36. Kd3 Ke7 37. Nh5 Ne8 38. Kc3 g6 39. Nf4 Nc7 40. Kb4 h5
41. Ne2 Kd7 42. Nc3 Kc6 43. Be2 a6 44. Bd3 Bc8 45. h4 Bg4 1/2-1/2

[Event "Druzynowe Mistrzostwa Polski Juniorow 2018 - II Liga"]
[Site "Szczyrk"]
[Date "1899-12-30"]
[Round "3.63"]
[White "Kebel, Bartosz"]
[Black "Zhydachevskyy, Yulian"]
[Result "1-0"]
[WhiteTitle "II"]
[BlackTitle "II"]
[WhiteElo "1397"]
[BlackElo "1376"]

1. d4 d5 2. c4 e6 3. Nf3 Nf6 4. Bg5 Be7 5. Nc3 b6 6. cxd5 exd5 7. g3 Bb7 8. Bg2
O-O 9. O-O Nbd7 10. Bf4 Re8 11. Nb5 Rf8 12. Bxc7 Qe8 13. Nd6 Bxd6 14. Bxd6 Ba6
15. Re1 Ne4 16. Bxf8 Qxf8 17. Nd2 Nef6 18. e4 dxe4 19. Nxe4 Rc8 20. Qa4 Bd3 21.
Nc3 a5 22. Rad1 Rc4 23. Qb3 Rb4 24. Qa3 Rxd4 25. Qxf8+ Kxf8 26. Nb5 Rb4 27. Rxd3
Rxb5 28. Bc6 Re5 29. Ree3 Ke7 30. Rxe5+ Nxe5 31. Re3 Kd6 32. Bg2 Nfg4 33. Re2
Nf6 34. f4 Nc4 35. b3 Na3 36. Rd2+ Kc5 37. Rd8 Nb5 38. Rc8+ Kb4 39. Rc6 Nc3 40.
Rxb6+ Kc5 41. Rc6+ Kb4 42. Rc4+ Ka3 43. Rxc3 Kxa2 44. Rc5 Kxb3 45. Rxa5 1-0

[Event "Druzynowe Mistrzostwa Polski Juniorow 2018 - II Liga"]
[Site "Szczyrk"]
[Date "1899-12-30"]
[Round "3.64"]
[White "Derylo, Maksymilian"]
[Black "Dahche, Abdel-azziz"]
[Result "0-1"]
[WhiteTitle "II"]
[BlackTitle "II"]
[WhiteElo "1199"]
[BlackElo "1408"]

1. e4 c5 2. Nf3 d6 3. d4 cxd4 4. Nxd4 Nf6 5. Nc3 g6 6. Bc4 Bg7 7. Nb3 O-O 8. Bg5
Nc6 9. Qe2 Ne5 10. Bd5 a6 11. O-O-O Qc7 12. h3 e6 13. Bxf6 Bxf6 14. f4 Nd7 15.
Bc4 b5 16. Bd3 Bb7 17. Rhf1 Rac8 18. g4 Nc5 19. f5 Nxb3+ 20. axb3 Qa5 21. Nb1
Bg5+ 22. Rd2 Bxd2+ 23. Nxd2 Qc7 24. f6 Qc5 25. Nf3 h6 26. Qd2 Kh7 27. b4 Qc7 28.
h4 a5 29. h5 axb4 30. Nh4 g5 31. Nf3 e5 32. Nxg5+ hxg5 33. Qxg5 Rg8 34. Qf5+ Kh6
35. Rg1 Rg5 36. Qf3 Ra8 37. Kd2 Ra2 38. Ke2 Rxb2 39. Qe3 Rxc2+ 40. Kf3 Qc8 41.
Bxc2 Qxc2 42. Kg3 Qxe4 43. Qc1 Qxg4+ 0-1

[Event "Druzynowe Mistrzostwa Polski Juniorow 2018 - II Liga"]
[Site "Szczyrk"]
[Date "1899-12-30"]
[Round "3.65"]
[White "Skiba, Aleksandra"]
[Black "Laszczuk, Zuzanna"]
[Result "1-0"]
[WhiteTitle "I+"]
[BlackTitle "I"]
[WhiteElo "1659"]
[BlackElo "1355"]

1. e4 e5 2. Nf3 Nc6 3. Bb5 f5 4. Nc3 fxe4 5. Nxe4 d5 6. Nxe5 Qe7 7. d4 dxe4 8.
Nxc6 Qd7 9. Qh5+ g6 10. Qe5+ Qe6 11. Qxc7 Bd7 12. Qxb7 Rc8 13. Ne5 Bxb5 14. Qxb5+
Kd8 15. Bg5+ Be7 16. Bxe7+ Nxe7 17. c3 Rf8 18. O-O g5 19. Qb3 Qf6 20. Rae1 Qf5
21. Qc2 Nd5 22. Qxe4 Qxe4 23. Rxe4 Rc7 24. c4 Nf6 25. Re3 g4 26. d5 h5 27. Nc6+
Kc8 28. Rb3 Kd7 29. Re1 Re8 30. Rxe8 Kxe8 31. Re3+ Kf7 32. f3 Kg6 33. Kf2 gxf3
34. gxf3 Rb7 35. b3 Kg5 36. Re7 Rxe7 37. Nxe7 Nd7 38. b4 Kf6 39. Nc6 a6 40. c5
Ne5 41. Nxe5 Kxe5 42. d6 Ke6 43. a4 Kd7 44. b5 axb5 45. axb5 h4 46. f4 h3 47.
f5 1-0

[Event "Druzynowe Mistrzostwa Polski Juniorow 2018 - II Liga"]
[Site "Szczyrk"]
[Date "1899-12-30"]
[Round "3.66"]
[White "Salamon, Julia"]
[Black "Kulczycka, Zofia"]
[Result "1-0"]
[WhiteTitle "I"]
[BlackTitle "II+"]
[WhiteElo "1098"]
[BlackElo "1181"]

1. d4 Nf6 2. c4 e5 3. dxe5 Ng4 4. Nf3 Bc5 5. e3 Nc6 6. h3 Ngxe5 7. a3 a5 8. Nc3
O-O 9. Be2 b6 10. O-O Ba6 11. b3 Qe7 12. Bb2 Rab8 13. Nd5 Nxf3+ 14. Bxf3 Qd8 15.
b4 Bxc4 16. bxc5 Bxf1 17. cxb6 cxb6 18. Qxf1 Ne7 19. Nxe7+ Qxe7 20. Qc4 Qe6 21.
Qd4 Qg6 22. Bh5 Qg5 23. h4 Qh6 24. g3 f6 25. Bf3 Qg6 26. Qxd7 Rfd8 27. Qe6+ Kh8
28. Be4 Re8 29. Bxg6 Rxe6 30. Bf5 Ree8 31. Rb1 Red8 32. Bd4 b5 33. Bc3 a4 34.
Bd4 Rd5 35. Bd3 Rh5 36. Be2 Rf5 37. e4 Re8 38. exf5 Rxe2 39. Rxb5 Kg8 40. Rb4
Re1+ 41. Kg2 Kf7 42. Rxa4 Re4 43. Rb4 Kg8 44. Rb8+ Kf7 45. Bc5 Re5 46. Rf8# 1-0

[Event "Druzynowe Mistrzostwa Polski Juniorow 2018 - II Liga"]
[Site "Szczyrk"]
[Date "1899-12-30"]
[Round "3.67"]
[White "Burdzicki, Jan"]
[Black "Krupinski, Mikolaj"]
[Result "1/2-1/2"]
[WhiteTitle "II+"]
[BlackTitle "II"]
[WhiteElo "1613"]
[BlackElo "1531"]

1. d4 d5 2. c4 c6 3. Nf3 Nf6 4. e3 Bf5 5. Nc3 e6 6. cxd5 cxd5 7. Qb3 Qb6 8. Qxb6
axb6 9. Bb5+ Nbd7 10. Ne5 Bd6 11. Bd2 Ke7 12. Nxd7 Nxd7 13. Na4 Bc7 14. Bb4+ Kd8
15. Kd2 Nf6 16. f3 Rc8 17. Rac1 Ne8 18. a3 Nd6 19. Nxb6 Nxb5 20. Nxc8 Kxc8 21.
a4 Na7 22. Bc5 Nc6 23. b4 Kd7 24. a5 Bd6 25. Bxd6 Kxd6 26. Kc3 Rc8 27. Kb3 Bd3
28. Rc5 Bc4+ 29. Kc3 Re8 30. Ra1 Nb8 31. e4 Na6 32. Rxc4 dxc4 33. b5 Nc7 34. Kxc4
Ra8 35. Kb4 f5 36. Rc1 Rc8 37. Rc5 g6 38. a6 Kd7 39. axb7 Rb8 40. exf5 gxf5 41.
g4 fxg4 42. fxg4 Nd5+ 43. Ka5 Rxb7 44. Ka6 Rb6+ 45. Ka7 Rd6 46. h4 Ke7 47. g5
Rd7+ 48. Ka6 Rd6+ 49. Ka7 Rd7+ 50. Kb8 Rd8+ 51. Rc8 Rxc8+ 52. Kxc8 e5 53. dxe5
Ke6 54. h5 Kxe5 55. g6 hxg6 56. hxg6 Kf6 57. Kb7 Kxg6 58. Kc6 Ne7+ 59. Kd7 Nd5
60. Kc6 Ne7+ 61. Kd6 Nc8+ 62. Kc7 Ne7 63. Kd6 Nc8+ 64. Kc5 Kf7 65. Kd5 Ke7 66.
Kc6 Na7+ 67. Kc5 Nxb5 68. Kxb5 1/2-1/2

[Event "Druzynowe Mistrzostwa Polski Juniorow 2018 - II Liga"]
[Site "Szczyrk"]
[Date "1899-12-30"]
[Round "3.68"]
[White "Owoc, Jakub"]
[Black "Gworys, Grzegorz"]
[Result "1-0"]
[WhiteTitle "II"]
[BlackTitle "II"]
[WhiteElo "1511"]
[BlackElo "1534"]

1. g3 g6 2. Bg2 Bg7 3. d4 d5 4. Nf3 Nf6 5. Bf4 O-O 6. O-O Bf5 7. Nc3 c6 8. Qd2
Nbd7 9. Rfe1 Ne4 10. Nxe4 Bxe4 11. Rac1 Re8 12. Qb4 Qb6 13. Qxb6 Nxb6 14. e3 f6
15. g4 e5 16. Bg3 exd4 17. exd4 Bh6 18. g5 fxg5 19. Ne5 g4 20. Nxg4 Bxc1 21. Nf6+
Kf7 22. Nxe8 Rxe8 23. Rxc1 Bxg2 24. Kxg2 Nd7 25. Kf3 Kf6 26. b3 Kf5 27. c4 Nf6
28. Be5 Re7 29. h4 Ng4 30. Bb8 a6 31. Kg3 Nf6 32. Be5 Ne4+ 33. Kg2 Kg4 34. f3+
Kxh4 35. fxe4 Rd7 36. cxd5 cxd5 37. exd5 Rxd5 38. Rh1+ 1-0

[Event "Druzynowe Mistrzostwa Polski Juniorow 2018 - II Liga"]
[Site "Szczyrk"]
[Date "1899-12-30"]
[Round "3.69"]
[White "Burdzicki, Stanislaw"]
[Black "Wiszniewski, Szymon"]
[Result "1-0"]
[WhiteTitle "II+"]
[BlackTitle "II"]
[WhiteElo "1623"]
[BlackElo "1257"]

1. d4 Nf6 2. c4 g6 3. Nc3 Bg7 4. e4 d6 5. f3 O-O 6. Be3 Nc6 7. Nge2 a6 8. Nc1 Rb8
9. Qd2 e5 10. d5 Nd4 11. Nb3 c5 12. dxc6 Nxc6 13. Be2 Be6 14. Rd1 Ne8 15. O-O
f5 16. exf5 gxf5 17. f4 Qc7 18. Nd5 Bxd5 19. cxd5 Ne7 20. fxe5 Bxe5 21. Bd4 Bxd4+
22. Nxd4 Qc5 23. Qg5+ Ng7 24. Bf3 Nxd5 25. Kh1 Rbe8 26. Nb3 Qb5 27. Bxd5+ Kh8
28. Bf3 Re5 29. Qc1 d5 30. Qc5 Qc4 31. Qxf8# 1-0

[Event "Druzynowe Mistrzostwa Polski Juniorow 2018 - II Liga"]
[Site "Szczyrk"]
[Date "1899-12-30"]
[Round "3.70"]
[White "Bar, Klaudia"]
[Black "Kaliszuk, Kamil"]
[Result "0-1"]
[WhiteTitle "I"]
[BlackTitle "II"]
[WhiteElo "1478"]
[BlackElo "1457"]

1. d4 Nf6 2. Nf3 g6 3. c4 Bg7 4. Nc3 d6 5. e4 O-O 6. Be2 Nbd7 7. O-O e5 8. d5 Nc5
9. Qc2 a5 10. h3 Ne8 11. g4 f5 12. exf5 gxf5 13. g5 f4 14. h4 Bf5 15. Qd1 e4 16.
Nh2 f3 17. Nxf3 exf3 18. Bxf3 Nd7 19. Be2 Qe7 20. Re1 Qf7 21. Be3 Nc5 22. f4 Rd8
23. h5 h6 24. Rf1 Qe7 25. Bd2 Ne4 26. Nxe4 Qxe4 27. Bc1 Bh3 28. Bf3 Qd4+ 29. Kh2
Bxf1 30. Qxf1 hxg5 31. Qg2 Qf6 32. Bd2 gxf4 33. Re1 Qh4+ 34. Kg1 Qg3 35. Bxa5
Qxg2+ 36. Kxg2 b6 37. Bd2 Bxb2 38. Re6 Ng7 39. Rg6 Rf6 40. Rg4 Be5 41. Be1 Rh6
42. Bd2 Ra8 43. Bxf4 Rxa2+ 44. Kg3 Bxf4+ 45. Kxf4 Kf7 46. Rh4 Ra3 47. Kg5 Rxf3
48. Kxh6 Nf5+ 49. Kg5 Nxh4 50. Kxh4 Rf4+ 0-1

[Event "Druzynowe Mistrzostwa Polski Juniorow 2018 - II Liga"]
[Site "Szczyrk"]
[Date "1899-12-30"]
[Round "3.71"]
[White "Orlik, Sandra"]
[Black "Pawlak, Emilia"]
[Result "1-0"]
[WhiteTitle "I++"]
[BlackTitle "I"]
[WhiteElo "1683"]
[BlackElo "1415"]

1. e4 c5 2. Nf3 g6 3. d4 Bg7 4. c3 Qa5 5. Nbd2 d6 6. Nb3 Qc7 7. Be3 b6 8. Be2 Nf6
9. Nfd2 Bb7 10. f3 O-O 11. O-O Nbd7 12. d5 e6 13. c4 exd5 14. cxd5 Rfe8 15. Bf2
Nh5 16. Rb1 Nf4 17. Bb5 a6 18. Bxd7 Qxd7 19. Nc4 Qc7 20. Qd2 Nh5 21. g4 Nf6 22.
Bg3 Red8 23. h4 a5 24. a4 Ba6 25. Rfc1 Rab8 26. Qh2 Bxc4 27. Rxc4 h5 28. g5 Ne8
29. Qd2 Qe7 30. Kg2 Nc7 31. Rc2 Na6 32. Qe2 Nb4 33. Rd2 Qd7 34. Ra1 Rbc8 35. Qc4
Qe7 36. Nc1 Be5 37. Be1 Bf4 38. Rd1 Qe5 39. Bc3 Qe8 40. Bf6 Rd7 41. Ne2 Be5 42.
f4 Bxf6 43. gxf6 Qd8 44. Qc3 Qe8 45. Ng3 Na6 46. Qf3 Qd8 47. Nxh5 Nc7 48. Qg4
Kh8 49. Qg5 Qf8 50. Ng3 Qg8 51. Rh1 Ne6 52. dxe6 fxe6 53. h5 gxh5 54. Rxh5+ Rh7
55. Rxh7+ Qxh7 56. Rh1 Rg8 57. Rxh7+ 1-0

[Event "Druzynowe Mistrzostwa Polski Juniorow 2018 - II Liga"]
[Site "Szczyrk"]
[Date "1899-12-30"]
[Round "3.72"]
[White "Szopa, Emilia"]
[Black "Bienek, Magdalena"]
[Result "1-0"]
[WhiteTitle "I"]
[BlackTitle "II"]
[WhiteElo "1422"]
[BlackElo "1149"]

1. e4 c5 2. Nf3 e6 3. d3 Nc6 4. g3 a6 5. Bg2 b5 6. O-O Nf6 7. Nbd2 Qc7 8. Re1 Be7
9. Nf1 d6 10. e5 dxe5 11. Nxe5 Bb7 12. Nf3 Rd8 13. h4 Nd4 14. Bf4 Qc6 15. N1h2
Nd5 16. Nxd4 cxd4 17. Be5 Qc5 18. Bxg7 Rg8 19. Bh6 Rg6 20. Bd2 Qc7 21. Nf3 Nb4
22. Ne5 Rg8 23. Bxb7 Qxb7 24. Qh5 Bf6 25. Bxb4 Bxe5 26. Rxe5 Rd7 27. Qxh7 Rg6
28. Qh8+ Rg8 29. Qxg8# 1-0

[Event "Druzynowe Mistrzostwa Polski Juniorow 2018 - II Liga"]
[Site "Szczyrk"]
[Date "1899-12-30"]
[Round "3.73"]
[White "Kulesza, Andrzej"]
[Black "Grochol, Kamil"]
[Result "1/2-1/2"]
[WhiteTitle "I"]
[BlackTitle "I"]
[WhiteElo "1918"]
[BlackElo "1726"]

1. e4 c5 2. Nf3 e6 3. d4 cxd4 4. Nxd4 Bc5 5. Nb3 Bb6 6. Bd3 Ne7 7. O-O O-O 8. Kh1
f5 9. exf5 Nxf5 10. Qh5 g6 11. Qe2 Nc6 12. c3 d5 13. Bf4 Qh4 14. Bxf5 Rxf5 15.
Bg3 Qe7 16. Na3 Bc7 17. Bxc7 Qxc7 18. Nb5 Qe7 19. N5d4 Rf6 20. Rae1 e5 21. Nc2
Bf5 22. Ne3 Rd6 23. Nxf5 gxf5 24. f4 e4 25. g4 fxg4 26. Qxg4+ Rg6 27. Qh5 Qf7
28. Rg1 Ne7 29. Ref1 Nf5 30. Nd4 Rf8 31. Rg5 Rxg5 32. Qxg5+ Kh8 33. Rg1 h6 34.
Qg4 Nxd4 35. cxd4 Qf6 36. f5 Qxd4 37. Qh5 Qe3 38. Qg6 Qf3+ 39. Rg2 Qf1+ 40. Rg1
Qf3+ 41. Rg2 1/2-1/2

[Event "Druzynowe Mistrzostwa Polski Juniorow 2018 - II Liga"]
[Site "Szczyrk"]
[Date "1899-12-30"]
[Round "3.74"]
[White "Oles, Martin"]
[Black "Urbanski, Wojciech"]
[Result "1-0"]
[WhiteTitle "II+"]
[BlackTitle "II"]
[WhiteElo "1488"]
[BlackElo "1560"]

1. e4 c5 2. Nf3 d6 3. d4 cxd4 4. Nxd4 Nf6 5. Nc3 a6 6. h3 e6 7. Be3 Be7 8. Be2
O-O 9. O-O b5 10. f4 Bb7 11. Bf3 b4 12. e5 Nd5 13. Nxd5 Bxd5 14. Nxe6 Bxf3 15.
Qxf3 fxe6 16. Qxa8 Qc7 17. Qa7 Qxa7 18. Bxa7 Nc6 19. exd6 Bxd6 20. Be3 Na5 21.
g3 Nc4 22. Bd4 Nd2 23. Rf2 Ne4 24. Rg2 Nf6 25. Bxf6 gxf6 26. Re1 Kf7 27. Rge2
Re8 28. Kg2 a5 29. c3 bxc3 30. bxc3 e5 31. fxe5 Bxe5 32. c4 Rb8 33. Kf3 Ke6 34.
g4 h6 35. h4 Rb4 36. Re4 Ra4 37. g5 hxg5 38. hxg5 Kf7 39. gxf6 Bxf6 40. R1e2 Ra3+
41. Kf4 Rc3 42. Rb2 Rc1 43. Rb7+ Kg6 44. Ra7 Bc3 45. Re6+ Bf6 46. Rxa5 Rxc4+ 47.
Re4 Rc6 48. a4 Bd8 49. Ra8 Bc7+ 50. Kg4 Rc5 51. Ra6+ Kf7 52. Ra7 Kf6 53. Ra6+
Kf7 54. Rb4 Ke7 55. Kf3 Kd7 56. Ke4 Rc3 57. Rh6 Rc5 58. Kd4 Rc1 59. Kd5 Rd1+ 60.
Rd4 Rc1 61. Rh7+ Kd8 62. Rc4 Rd1+ 63. Kc6 Ba5 64. Rg4 Kc8 65. Rg8+ Bd8 66. a5
Rc1+ 67. Kb5 Rb1+ 68. Ka6 Ra1 69. Rh5 Rd1 70. Rhh8 Rd6+ 71. Ka7 Rd7+ 72. Ka6 Rd6+
73. Kb5 Kc7 74. Rh7+ Kc8 75. Rh5 Kc7 1-0

[Event "Druzynowe Mistrzostwa Polski Juniorow 2018 - II Liga"]
[Site "Szczyrk"]
[Date "1899-12-30"]
[Round "3.75"]
[White "Paprocki, Antoni"]
[Black "Jendrowiak, Maciej"]
[Result "1-0"]
[WhiteTitle "I"]
[BlackTitle "II"]
[WhiteElo "1792"]
[BlackElo "1252"]

1. e4 c6 2. d4 d5 3. Nc3 dxe4 4. Nxe4 Bf5 5. Ng3 Bg6 6. h4 h6 7. Nf3 Nd7 8. h5
Bh7 9. Bd3 Bxd3 10. Qxd3 e6 11. Bf4 Ngf6 12. O-O-O Be7 13. Kb1 O-O 14. Ne4 Nxe4
15. Qxe4 Nf6 16. Qe2 Qd5 17. Ne5 Qe4 18. Qxe4 Nxe4 19. Rhe1 Nd6 20. g4 Bg5 21.
Bxg5 hxg5 22. Nf3 f5 23. Nxg5 fxg4 24. Rxe6 Rad8 25. Rg6 Rxf2 26. Ne6 Rd7 27.
Nc5 Rd8 28. Rxg4 Rf7 29. h6 Nf5 30. hxg7 Ne3 31. Rh4 Nxd1 32. Rh8+ Kxg7 33. Rxd8
b6 34. Ne6+ Kf6 35. Kc1 Kxe6 36. Kxd1 Rd7 37. Rxd7 Kxd7 38. c4 Kd6 39. Kd2 b5
40. cxb5 cxb5 41. b4 Kc6 42. Ke3 Kb6 43. Ke4 a5 44. a3 axb4 45. axb4 Kc7 46. Kd5
Kd7 47. Kc5 Kc7 48. Kxb5 Kd6 49. Kb6 Kd5 1-0

[Event "Druzynowe Mistrzostwa Polski Juniorow 2018 - II Liga"]
[Site "Szczyrk"]
[Date "1899-12-30"]
[Round "3.76"]
[White "Kubik, Bartosz"]
[Black "Jakubiec, Maurycy"]
[Result "1-0"]
[WhiteTitle "II"]
[BlackTitle "IV"]
[WhiteElo "1046"]
[BlackElo "1000"]

1. e4 c5 2. Nf3 d6 3. d4 cxd4 4. Nxd4 Nf6 5. Nc3 a6 6. Be2 Qc7 7. Be3 g6 8. Qd2
Bg7 9. f4 Nc6 10. Nf3 Bd7 11. Bc4 O-O 12. h4 h5 13. Bd3 b5 14. f5 e6 15. fxg6
fxg6 16. e5 Nxe5 17. Nxe5 dxe5 18. Bxg6 Be8 19. Bxe8 Rfxe8 20. Bh6 Bxh6 21. Qxh6
Qg7 22. Qxg7+ Kxg7 23. O-O-O Rad8 24. Rxd8 Rxd8 25. Rd1 Rxd1+ 26. Kxd1 Kg6 27.
Ke2 Kf5 28. g3 e4 29. b3 Nd5 30. Nd1 Nf6 31. c4 Nd7 32. Ne3+ Ke5 33. g4 hxg4 34.
Nxg4+ Kf5 35. Nf2 Nc5 36. Ke3 bxc4 37. bxc4 e5 38. h5 Kg5 39. Nxe4+ Nxe4 40. Kxe4
Kxh5 41. c5 1-0